000 00322nam a2200133Ia 4500
005 20251222153611.0
008 251222s9999||||xx |||||||||||||| ||spa||
082 _a801/L95
100 _a Lubich, Gino
245 0 _aJuan XXIII
250 _a1ra .ed
264 _bBiblioteca ABC portagonistas de la historia
942 _cLIB
999 _c31622
_d31622